Szczegóły MARC21

Działalność ubezpieczeniowa w Polsce po implementacji dyrektywy Solvency II : problematyka prawna /

003 -Nazwa inst., której nr kontr. jest w polu 001 [,]
    • @
    • Nazwa instytucji, której n kontrolny jest w polu 001
    • NUKAT
005 -DATA I CZAS OSTATNIEJ MODYFIKACJI [,]
    • @
    • pole kontrolne
    • 20241231090403.0
020 -Międzynarod. znormalizowany nr książki - ISBN [ , ]
    • a
    • Numer ISBN
    • 9788375569728 Find
040 -Instytucja sporządzająca opis [ , ]
    • a
    • Instytucja, która sporządziła opis (NP)
    • OLSZT 003/DS
    • c
    • Instytucja, która sporządziła rekord (NP)
    • OLSZT 003/DSs
    • d
    • Instytucja, która zmodyfikowała rekord (P)
    • OLSZT 003/ISO
    • d
    • Instytucja, która zmodyfikowała rekord (P)
    • SZCZ U/ML
942 -Rodzaj dokumentu [ , ]
    • c
    • Rodzaj dokumentu
    • Książka
100 -Hasło główne - nazwa osobowa [1, ]
    • a
    • Nazwa osobowa (NP)
    • Baranowska-Zając, Wioleta.
    • 9
    • KHW
    • 438889
245 -Strefa tytułu i oznaczenia odpowiedzialności [1,0]
    • a
    • Tytuł
    • Działalność ubezpieczeniowa w Polsce po implementacji dyrektywy Solvency II : Find
    • b
    • Ciąg dalszy tytułu (NP)
    • problematyka prawna / Find
    • c
    • Pozostałe elementy strefy tytułu i oznaczenia odpowiedzialności (NP)
    • Wioleta Baranowska-Zając.
250 -Strefa wydania [ , ]
    • a
    • Oznaczenie wydania (NP)
    • [Stan prawny na 31 lipca 2017].
260 -Strefa adresu wydawniczego [ , ]
    • a
    • Miejsce wydania (P)
    • Warszawa :
    • b
    • Nazwa wydawcy (P)
    • CeDeWu,
    • c
    • Data wydania (P)
    • 2017.
300 -Strefa opisu fizycznego [ , ]
    • a
    • Określenie formy książki i/lub objętość (NP)
    • 323 s. ;
    • c
    • Format (NP)
    • 24 cm.
336 -Typ zawartości [ , ]
    • a
    • Termin opisujący typ zawartości
    • Tekst
    • b
    • Kod określający zawartość
    • txt
    • 2
    • Źródło (terminu i kodu)
    • rdacontent
337 -Typ mediów [ , ]
    • a
    • Tryb odtwarzania
    • Bez urządzenia pośredniczącego
    • b
    • Kod typu mediów
    • n
    • 2
    • Źródło (terminu i kodu)
    • rdamedia
338 -Typ/rodzaj nośnika [ , ]
    • a
    • Hasło opisujące typ nośnika
    • Wolumin
    • b
    • Kod typu nośnika
    • nc
    • 2
    • Źródło (terminu i kodu)
    • rdacarrier
500 -Uwaga ogólna [ , ]
    • a
    • Uwaga ogólna (NP)
    • Określenie stanu prawnego we wstępie.
500 -Uwaga ogólna [ , ]
    • a
    • Uwaga ogólna (NP)
    • Wstęp: "Książka stanowi zmienioną wersję rozprawy doktorskiej".
504 -Uwaga dot. bibliogr. załącznikowej [ , ]
    • a
    • Uwaga dot. bibliografii załącznikowej
    • Bibliogr. s. 301-323.
650 -Hasło przedmiotowe [ ,7]
    • a
    • Hasło przedmiotowe
    • Ubezpieczenie
    • x
    • Określnik rzeczowy
    • prawo europejskie.
    • 2
    • Źródło terminu
    • kaba
    • 9
    • KHW
    • 134228
650 -Hasło przedmiotowe [ ,7]
    • a
    • Hasło przedmiotowe
    • Ubezpieczenie
    • x
    • Określnik rzeczowy
    • prawo
    • z
    • Określnik geograficzny
    • Polska
    • y
    • Określnik chronologiczny
    • 1990-.
    • 2
    • Źródło terminu
    • kaba
    • 9
    • KHW
    • 367637
710 -Hasło dodatkowe - nazwa ciała zbiorowego [2, ]
    • a
    • Nazwa ciała zbiorowego lub nazwa geograficzna jako pierwszy element (NP)
    • CeDeWu.
    • 4
    • Kod relacji
    • pbl
    • 9
    • KHW
    • 51194
920 -ISBN [ , ]
    • a
    • ISBN
    • 978-83-7556-972-8 Find
Sygnatura Data inwentaryzacji Lokalizacja Numer inwentarzowy Status udost.
 2017-12-21BEE.77938-2
 2019-01-11BES.95878-2
SA.242842018-02-09BSASA.242841
T.201172018-03-27TT.20117-2